| 000 | 00951nam a22003017a 4500 | ||
|---|---|---|---|
| 003 | CHAP | ||
| 005 | 20230620094202.0 | ||
| 008 | 971013s1991 r 00010 d | ||
| 010 | _a8204 | ||
| 011 | _a9176 | ||
| 035 | _a8410 | ||
| 040 | _cCHAP | ||
| 082 |
_a620 _bM3 |
||
| 245 | _aManual de fórmulas de ingeniería | ||
| 250 | _a2 ed | ||
| 260 |
_aMéxico, D.F. : _bLimusa, _c1991 |
||
| 300 |
_ac.a. 300 p. _b: ilus. ; gráfs |
||
| 590 |
_aBATCH-UPD _b10 _c20130110 _lUCH01 _h1533 |
||
| 590 |
_aBATCH-UPD _b10 _c20130410 _lUCH01 _h0939 |
||
| 590 |
_aBATCH-UPD _b10 _c20130914 _lUCH01 _h1639 |
||
| 590 |
_aCONVERSION _b10 _c20130109 _lUCH01 _h1306 |
||
| 650 | 1 | 4 |
_aIngeniería _xManuales. _958188 |
| 700 | 1 |
_aGarcía Díaz, Rafael _945939 |
|
| 901 | _aBK | ||
| 942 | _cLIBRO | ||
| 949 |
_a620 M3 _bBC _cLIBRO _d33724000829131 _eLIBRO _gI. c/e _h83696 _i8410 _si _t20.00 |
||
| 949 |
_a620 M3 _bBC _cLIBRO _d33724002209538 _eLIBRO _fc.2 _gI. c/e _h83697 _i8410 _so _t20.00 |
||
| 999 |
_c8204 _d8204 |
||